Statistics for Every Skylander Supercharger

Click here to take the quiz!

General Stats

  • This quiz has been taken 16 times
  • The average score is 19 of 20

Answer Stats

HintAnswer% Correct
LightAstroblast
100%
UndeadBone Bash Roller Brawl
100%
WaterDeep Dive Gill Grunt
100%
WaterDive Clops
100%
TechDouble Dare Trigger Happy
100%
UndeadFiesta
100%
FireHammer Slam Bowser
100%
TechHigh Volt
100%
FireLava Lance Eruptor
100%
DarkNightfall
100%
FireSpitfire
100%
MagicSplat
100%
AirStormblade
100%
LifeSuper shot Stealth Elf
100%
LifeTurbo Charge Donkey Kong
100%
MagicBig bubble Pop fizz
92%
EarthSmash Hit
92%
LifeThrillipede
92%
AirHurricane Jet-Vac
83%
EarthShark Shooter Terrafin
83%

Score Distribution

Percentile by Number Answered

Percent of People with Each Score

Your Score History

You have not taken this quiz